| 000 | 00343nam a22001217a 4500 | ||
|---|---|---|---|
| 008 | 230621b xxu||||| |||| 00| 0 eng d | ||
| 082 |
_a328.1 _bLSS |
||
| 100 | _cLok Sabha Secretariat | ||
| 245 | _aRules of Procedure and Conduct of Business in Lok Sabha | ||
| 260 |
_aNew Delhi _bLok Sabha Secretariat _c1989 |
||
| 300 | _a229p | ||
| 942 |
_2ddc _cBK |
||
| 999 |
_c2098 _d2098 |
||